Mystery Taylor Swift Song #84 - Statistics

General Stats
  • This quiz has been taken 304 times
  • The average score is 80 of 133
Answer Stats
Song % Correct
I
95%
a
93%
The
93%
the
93%
"E"
92%
me
88%
to
88%
we
88%
you
88%
an
87%
The Tortured Poets Department
87%
ever
86%
and
85%
He
84%
so
83%
who
83%
on
82%
in
81%
my
81%
when
81%
where
81%
are
80%
your
80%
be
79%
for
79%
What
79%
But
78%
I'm
78%
if
77%
Is
77%
it's
77%
no
77%
This
77%
down
76%
was
76%
that
75%
we're
74%
like
73%
one
71%
with
71%
'Cause
70%
just
69%
The Alchemy
69%
they
69%
alchemy?
68%
from
68%
Said
68%
There
67%
time
67%
told
67%
back?
65%
back
65%
come
65%
'em
65%
had
65%
fight
64%
every
63%
over
62%
touch
62%
up
62%
been
60%
Call
60%
heart
60%
Baby
59%
long
58%
These
58%
once
57%
team
57%
Cut
56%
get
56%
reserved
56%
running
56%
still
56%
their
56%
few
55%
happens
55%
heroin
55%
sign
55%
trophy?
55%
Where's
55%
lifetimes
54%
off
54%
comes
53%
haven't
53%
amateurs
52%
beat
51%
hit
51%
Honestly
51%
hospital
51%
wine
51%
Worst
51%
chemicals
50%
coming
50%
greatest
49%
white
49%
around
47%
belong
47%
cool?
47%
drag
47%
heads
47%
jokes
47%
league
47%
sleep
47%
chance
46%
crown
46%
map
46%
Ditch
45%
friends
45%
strong
45%
circled
44%
Hey
44%
school
44%
trying
44%
winning
44%
play
43%
streak
43%
lift
41%
under
41%
floor
40%
rule
40%
Beer
38%
child's
38%
clowns
38%
Shirts
37%
forgiven
36%
sticking
36%
benches
33%
Cheers
32%
making
29%
warm
29%
comeback
28%
blokes
26%
chanted
19%
No matching quizzes found
Score Distribution
Percent of People with Each Score
Percentile by Number Answered
Your Score History
You have not taken this quiz